Sports Quiz

Random Sports or NFL Quiz

NFL Head-to-Head Matchups - AFC South Quiz Stats

 Plays Quiz not verified by Sporcle

Challenge
Share
Tweet
Embed
Score 0/124 Timer 08:00
0 Plays Today
Matchup Team with More Wins % Correct
Texans vs. Patriots???
75%
Colts vs. Cardinals???
66.7%
Colts vs. Jaguars???
66.7%
Colts vs. Eagles???
66.7%
Colts vs. Seahawks???
66.7%
Jaguars vs. Patriots???
66.7%
Jaguars vs. Rams???
66.7%
Titans vs. Colts???
66.7%
Titans vs. Jaguars???
66.7%
Texans vs. Ravens???
58.3%
Texans vs. Browns???
58.3%
Texans vs. Cowboys???
58.3%
Texans vs. Jets???
58.3%
Colts vs. Texans???
58.3%
Colts vs. Chiefs???
58.3%
Colts vs. Rams???
58.3%
Colts vs. Titans???
58.3%
Jaguars vs. Vikings???
58.3%
Jaguars vs. Saints???
58.3%
Jaguars vs. Redskins???
58.3%
Titans vs. Lions???
58.3%
Titans vs. Texans???
58.3%
Titans vs. Patriots???
58.3%
Titans vs. Steelers???
58.3%
Texans vs. Packers???
50%
Texans vs. Colts???
50%
Texans vs. Eagles???
50%
Texans vs. Titans???
50%
Colts vs. Falcons???
50%
Colts vs. Bengals???
50%
Colts vs. Lions???
50%
Colts vs. Patriots???
50%
Colts vs. Buccaneers???
50%
Jaguars vs. Cardinals???
50%
Jaguars vs. Bears???
50%
Jaguars vs. Packers???
50%
Jaguars vs. Texans???
50%
Jaguars vs. Colts???
50%
Jaguars vs. Giants???
50%
Jaguars vs. Chargers???
50%
Jaguars vs. Titans???
50%
Titans vs. Bengals???
50%
Matchup Team with More Wins % Correct
Titans vs. Redskins???
50%
Texans vs. Chiefs???
41.7%
Texans vs. Dolphins???
41.7%
Texans vs. Vikings???
41.7%
Texans vs. Giants???
41.7%
Texans vs. Raiders???
41.7%
Colts vs. Ravens???
41.7%
Colts vs. Bears???
41.7%
Colts vs. Vikings???
41.7%
Colts vs. Jets???
41.7%
Colts vs. Steelers???
41.7%
Titans vs. Bears???
41.7%
Titans vs. Chiefs???
41.7%
Titans vs. Raiders???
41.7%
Titans vs. Buccaneers???
41.7%
Texans vs. Jaguars???
33.3%
Texans vs. Saints???
33.3%
Texans vs. Buccaneers???
33.3%
Colts vs. Bills???
33.3%
Colts vs. Broncos???
33.3%
Colts vs. Dolphins???
33.3%
Jaguars vs. Browns???
33.3%
Jaguars vs. Seahawks???
33.3%
Jaguars vs. Buccaneers???
33.3%
Titans vs. Falcons???
33.3%
Titans vs. Cowboys???
33.3%
Titans vs. Eagles???
33.3%
Titans vs. Chargers???
33.3%
Titans vs. Rams???
33.3%
Texans vs. Falcons???
25%
Texans vs. Panthers???
25%
Texans vs. Bears???
25%
Colts vs. Cowboys???
25%
Colts vs. Packers???
25%
Colts vs. 49ers???
25%
Colts vs. Redskins???
25%
Jaguars vs. Bengals???
25%
Jaguars vs. Lions???
25%
Jaguars vs. Raiders???
25%
Titans vs. Bills???
25%
Titans vs. Panthers???
25%
Titans vs. Dolphins???
25%
Matchup Team with More Wins % Correct
Titans vs. Vikings???
25%
Titans vs. Saints???
25%
Titans vs. Jets???
25%
Texans vs. Chargers???
16.7%
Texans vs. Redskins???
16.7%
Colts vs. Browns???
16.7%
Colts vs. Saints???
16.7%
Colts vs. Chargers???
16.7%
Jaguars vs. Panthers???
16.7%
Jaguars vs. Cowboys???
16.7%
Jaguars vs. Chiefs???
16.7%
Jaguars vs. Steelers???
16.7%
Jaguars vs. 49ers???
16.7%
Titans vs. Cardinals???
16.7%
Titans vs. Broncos???
16.7%
Titans vs. 49ers???
16.7%
Titans vs. Seahawks???
16.7%
Colts vs. Panthers???
8.3%
Colts vs. Giants???
8.3%
Jaguars vs. Falcons???
8.3%
Jaguars vs. Jets???
8.3%
Titans vs. Ravens???
8.3%
Colts vs. Raiders???
0%
Jaguars vs. Ravens???
0%
Jaguars vs. Broncos???
0%
Jaguars vs. Eagles???
0%
Titans vs. Browns???
0%
Titans vs. Packers???
0%
Texans vs. Cardinals???
0%
Texans vs. Bills???
0%
Texans vs. Bengals???
0%
Texans vs. Broncos???
0%
Texans vs. Lions???
0%
Texans vs. Rams???
0%
Texans vs. Steelers???
0%
Texans vs. 49ers???
0%
Texans vs. Seahawks???
0%
Jaguars vs. Bills???
0%
Jaguars vs. Dolphins???
0%
Titans vs. Giants???
0%

You're not logged in!

Compare scores with friends on all Sporcle quizzes.
OR
Log In

You Might Also Like...

Show Comments

Extras

Top Quizzes Today


Score Distribution

Your Account Isn't Verified!

In order to create a playlist on Sporcle, you need to verify the email address you used during registration. Go to your Sporcle Settings to finish the process.

Report this User

Report this user for behavior that violates our Community Guidelines.

Details: